000 00435nam a2200169 i 4500
001 bg
100 1 _aKIEŁEK, Waldemar
245 0 _aLaboratorium techniki odbioru /
_cWaldemar Kiełek, Jan Ebert, Andrzej Słowikowski.
260 _aWarszawa,
_c1971.
700 1 _aEBERT, Jan
700 1 _aSŁOWIKOWSKI, Andrzej
040 _cBPK
041 _apol
080 _a621.39
942 _cKS
008 s pl f |000 0 pol
999 _c7533
_d7533
856 _uhttp://koha.tu.koszalin.pl/cgi-bin/koha/opac-detail.pl?biblionumber=7533
_yKatalog online BPK